Top 10 African Countries by GDP (nominal) - Statistics

General Stats
  • This quiz has been taken 118 times
  • The average score is 9 of 10
Answer Stats
Hint Answer % Correct
237.037 Egypt
100%
349.299 South Africa
100%
178.287 Algeria
98%
109.824 Morocco
97%
376.284 Nigeria
97%
80.874 Ethiopia
95%
51.725 Tanzania
94%
79.511 Kenya
92%
119.000 Sudan
83%
124.209 Angola
79%
No matching quizzes found
Score Distribution
Percent of People with Each Score
Percentile by Number Answered
Your Score History
You have not taken this quiz